Państwa według szerokości geograficznej - Statystyki

Ogólne statystyki
  • Ten quiz został rozwiązany 108 razy
  • Średni wynik to 16 z 21
Statystyki odpowiedzi
Stopnie Państwa % Poprawnych
49,9 Stany Zjednoczone
100%
40,5 Rosja
99%
41,5 Kanada
96%
35,4 Chiny
92%
33,6 Australia
91%
39,0 Brazylia
91%
33,0 Argentyna
89%
28,3 Indie
87%
18,2 Meksyk
86%
38,4 Chile
80%
18,8 DemokratycznaRepublika Konga
79%
17,8 Japonia
77%
23,3 Francja
74%
18,1 Algieria
73%
16,8 Indonezja
73%
17,7 Norwegia
63%
18,3 Peru
63%
16,9 Kolumbia
61%
27,0 Dania
39%
18,7 Mjanma
28%
16,4 Mozambik
24%
Nie znaleziono quizów pasujących do podanych kryteriów
Rozkład punktacji
Procent ludzi z każdym wynikiem
Percentyl według liczby udzielonych odpowiedzi
Twoja historia wyników
Nie rozwiązałeś tego quizu